000 00891nam a2200253Ia 4500
003 OSt
005 20220923211016.0
006 a|||||r|||| 00| 0
007 ta
008 220922b |||||||| |||| 00| 0 hin d
020 _a8170554322 (hbk)
024 _a193,372
037 _cTextual
040 _aARTS
_cARTS
_bhin
041 _2hin
_ahin
082 _aP152, 152M5;P2-;1(O152D/Tr)
100 _aझाल्टे, दंगल
_9157116
245 0 _aप्रयोजन मूलक हिंदी
_b सिद्धांत और प्रयोग
246 _aPrayojan mūlak hiandī: siddhāanta aur prayoga
260 _aनयी दिल्ली
_b वाणी प्रकाशन
_c2002
300 _a253पृ.
_ccm.
942 _hP152, 152M5;P2-;1(O152D/Tr)
_cTEXL
_2CC
999 _c293873
_d293873